000 00298nam a22001337a 4500
008 170922b xxu||||| |||| 00| 0 eng d
020 _a9780838422700
041 _aeng
080 _a37
100 _a46
101 _aEDU
245 _aINTERACTIVE LISTENING ON CAMPUS
_cJAMES, G
942 _2udc
_cBK
999 _c29273
_d29273